¿Por qué-- ? : (Record no. 159837)

MARC details
000 -CABECERA
campo de control de longitud fija 00558nam a2200181 u 4500
005 - FECHA Y HORA DE LA ÚLTIMA TRANSACCIÓN
campo de control 20210223131905.0
008 - ELEMENTOS DE LONGITUD FIJA--INFORMACIÓN GENERAL
campo de control de longitud fija 121019s2000 es r 000 0 spa d
020 ## - NÚMERO INTERNACIONAL NORMALIZADO PARA LIBROS
Número Internacional Estándar del Libro 8430594825
035 ## - NÚMERO DE CONTROL DEL SISTEMA
Número de control de sistema UPN01000187734
049 ## - COLECCIÓN
Colección I
050 #4 - SIGNATURA TOPOGRÁFICA DE LA BIBLIOTECA DEL CONGRESO
Número de clasificación Q173
Número de documento/Ítem R4.6
100 1# - ASIENTO PRINCIPAL--NOMBRE PERSONAL
Nombre de persona Reviejo Hernández, Carlos,
Fechas asociadas al nombre 1942-
9 (RLIN) 32696
245 11 - MENCIÓN DE TÍTULO
Título ¿Por qué-- ? :
Resto del título 85 preguntas y respuestas /
Mención de responsabilidad, etc. Carlos Reviejo ; il. Teresa Novoa.
260 ## - PUBLICACIÓN, DISTRIBUCIÓN, ETC.
Lugar de publicación, distribución, etc. Madrid :
Nombre del editor, distribuidor, etc. Susaeta,
Fecha de publicación, distribución, etc. [2000].
300 ## - DESCRIPCIÓN FÍSICA
Extensión 95 p. :
Otras características físicas il. col.
650 #4 - ASIENTO SECUNDARIO DE MATERIA - TERMINO TEMATICO
Término de materia o nombre geográfico como elemento de entrada PREGUNTAS Y RESPUESTAS -
Subdivisión general CIENCIA
9 (RLIN) 16725
905 ## - TIPO DE MATERIAL
Tipo de material Infantil
Holdings
Estado de retiro Estado de pérdida Fuente del sistema de clasificación o colocación Estado dañado No para préstamo Código de colección Localización permanente Ubicación/localización actual Ubicación en estantería Fecha de adquisición Total de préstamos Clasificación Código de barras Fecha visto por última vez Número de copia Tipo de ítem Koha
    Library of Congress Classification     Infantil Bib. Gregorio Torres Quintero Bib. Gregorio Torres Quintero Sala infantil Planta baja 10/05/2023 9 Q173 R4.6 284880 31/12/2020 1 Libro